Mastering visual basic 6

Mastering Visual Basic 6 is the ideal guide to Visual Basic. Inside, you'll master the environment, the features, and the techniques that are key to professional Windows programming. Clear, in-depth instructions from a Visual Basic expert provide essential knowledge through scores of practical...

Full description

Saved in:
Bibliographic Details
Main Author: Petroutsos, Evangelos
Format: Book
Language:Undetermined
Published: San Francisco Sybex 1998
Subjects:
Tags: Add Tag
No Tags, Be the first to tag this record!
Institutions: Trung tâm Học liệu Trường Đại học Cần Thơ
LEADER 01033nam a2200205Ia 4500
001 CTU_222307
008 210402s9999 xx 000 0 und d
020 |c 49.99 
082 |a 005.268 
082 |b P497 
100 |a Petroutsos, Evangelos 
245 0 |a Mastering visual basic 6 
245 0 |c Evangelos Petroutsos 
260 |a San Francisco 
260 |b Sybex 
260 |c 1998 
520 |a Mastering Visual Basic 6 is the ideal guide to Visual Basic. Inside, you'll master the environment, the features, and the techniques that are key to professional Windows programming. Clear, in-depth instructions from a Visual Basic expert provide essential knowledge through scores of practical examples. For beginning, intermediate, and advanced Windows programmers; in-depth coverage of ActiveX programming and code optimization. 
650 |a BASIC (Ngôn ngữ lập trình máy tính),BASIC (Computer program language) 
904 |i Nguyễn An Khang,Hải 
980 |a Trung tâm Học liệu Trường Đại học Cần Thơ